The collected plays (Record no. 22700)

MARC details
000 -LEADER
fixed length control field 00567nam a22001937a 4500
003 - CONTROL NUMBER IDENTIFIER
control field OSt
005 - DATE AND TIME OF LATEST TRANSACTION
control field 20260520151330.0
008 - FIXED-LENGTH DATA ELEMENTS--GENERAL INFORMATION
fixed length control field 260520b |||||||| |||| 00| 0 eng d
040 ## - CATALOGING SOURCE
Transcribing agency Chuka University Library
050 ## - LIBRARY OF CONGRESS CALL NUMBER
Classification number PS 3515 .H45 1971
100 ## - MAIN ENTRY--PERSONAL NAME
Personal name Hellman Lillian
9 (RLIN) 25995
245 ## - TITLE STATEMENT
Title The collected plays
260 ## - PUBLICATION, DISTRIBUTION, ETC.
Place of publication, distribution, etc. Boston-Toronto
Name of publisher, distributor, etc. Little, Brown and Company
Date of publication, distribution, etc. 1971
300 ## - PHYSICAL DESCRIPTION
Extent 815p.
650 ## - SUBJECT ADDED ENTRY--TOPICAL TERM
Topical term or geographic name entry element American drama-----20th century
9 (RLIN) 24195
650 ## - SUBJECT ADDED ENTRY--TOPICAL TERM
Topical term or geographic name entry element Drama------Collections
9 (RLIN) 20558
650 ## - SUBJECT ADDED ENTRY--TOPICAL TERM
Topical term or geographic name entry element Social Drama -----American
9 (RLIN) 25996
942 ## - ADDED ENTRY ELEMENTS (KOHA)
Source of classification or shelving scheme Library of Congress Classification
Koha item type Long Loan Books
Suppress in OPAC No
Holdings
Withdrawn status Lost status Source of classification or shelving scheme Damaged status Not for loan Home library Current library Shelving location Date acquired Total Checkouts Full call number Barcode Date last seen Cost, replacement price Price effective from Koha item type
    Library of Congress Classification     Main Campus Library Main Campus Library General Stacks 20/05/2026   PS 3515 .H45 1971 32266/2026 20/05/2026 525.03 20/05/2026 Long Loan Books

Powered by Koha